| 000 | 00445nam a22001817a 4500 | ||
|---|---|---|---|
| 005 | 20180208142416.0 | ||
| 008 | 160613b xxu||||| |||| 00| 0 eng d | ||
| 020 | _a81-7656706-X | ||
| 041 | _aeng | ||
| 082 |
_b7085 _a005.73 |
||
| 100 |
_aKanetkar, yashavant _9176 |
||
| 245 | _aData Structures Through C | ||
| 250 | _a2nd ed. | ||
| 260 |
_bBPB Publishing _anew delhi |
||
| 300 | _a647 | ||
| 650 |
_aInformation Technology _9137 |
||
| 942 | _cBK | ||
| 999 |
_c2464 _d2463 |
||